000 01005nam a22002417a 4500
005 20240530110454.0
008 150527s2011 ua g b 000 0 ara d
017 _a19164
_bمصر . دار الكتب المصرية
020 _a9789773771285
040 _aEG-CaGPL
082 0 4 _221
_a330.122\
_bش ح
100 1 _aشتاينجارت ، جابور
245 1 2 _aالحرب من اجل الثروة :
_bالقصة الحقيقية للعولمة او لماذا يتحطم العالم المسطح /
_cتاليف جابور شتاينجارت ؛ ترجمة علا احمد اصلاح .
250 _aط1.
260 _aالقاهرة :
_bمجموعة النيل العربية ،
_c2011.
300 _a302 ص ؛
_c24 سم.
650 0 4 _aاقتصاديات السوق .
650 0 4 _aالاقتصاد العالمى .
650 0 4 _aالاقتصاد
_xالعولمة .
700 0 _aعلا احمد اصلاح
_eمترجم .
942 _2ddc
_cBK
999 _c61326
_d61326